Sports Quiz

Random Sports or NFL Quiz

2018 NFL Opening Day Quarterbacks Quiz Stats

 Plays Quiz Updated Oct 28, 2018

Score 0/83 Timer 12:00
15 Plays Today
Hint Answer % Correct
New England PatriotsTom Brady
97.3%
New York GiantsEli Manning
92.3%
Baltimore RavensJoe Flacco
91%
Green Bay PackersAaron Rodgers
90.6%
Indianapolis ColtsAndrew Luck
90%
Washington RedskinsAlex Smith
89.8%
Atlanta FalconsMatt Ryan
89.3%
Carolina PanthersCam Newton
89.3%
Seattle SeahawksRussell Wilson
89.2%
Philadelphia EaglesCarson Wentz
89.1%
New Orleans SaintsDrew Brees
89%
Cincinnati BengalsAndy Dalton
88.7%
Cleveland BrownsBaker Mayfield
88.3%
Dallas CowboysDak Prescott
88.2%
Oakland RaidersDerek Carr
88%
Los Angeles ChargersGeno Smith
87.7%
Kansas City ChiefsPatrick Mahomes
87.6%
Detroit LionsMatthew Stafford
87%
Jacksonville JaguarsBlake Bortles
86.7%
Houston TexansDeshaun Watson
86.3%
Philadelphia EaglesNick Foles
86.1%
Tennessee TitansMarcus Mariota
86.1%
Miami DolphinsRyan Tannehill
85.7%
Minnesota VikingsKirk Cousins
85.4%
Los Angeles ChargersPhilip Rivers
85.2%
Buffalo BillsJosh Allen
84.9%
New York JetsSam Darnold
84.2%
Pittsburgh SteelersBen Roethlisberger
84.1%
Hint Answer % Correct
Los Angeles RamsJared Goff
83.5%
Baltimore RavensLamar Jackson
83.1%
Cleveland BrownsTyrod Taylor
82.3%
Tampa Bay BuccaneersRyan Fitzpatrick
81.3%
Tampa Bay BuccaneersJameis Winston
80.4%
Chicago BearsMitch Trubisky
80%
Denver BroncosCase Keenum
78.9%
Los Angeles RamsBrandon Allen
78.5%
Arizona CardinalsJosh Rosen
78.5%
Buffalo BillsNathan Peterman
66.9%
San Francisco 49ersJimmy Garoppolo
66.3%
Arizona CardinalsSam Bradford
65.4%
New Orleans SaintsTeddy Bridgewater
64.7%
Miami DolphinsBrock Osweiler
64.7%
New York JetsJosh McCown
57.9%
Indianapolis ColtsJacoby Brissett
54.6%
New England PatriotsBrian Hoyer
51.5%
Baltimore RavensRobert Griffin III
50.9%
Green Bay PackersDeShone Kizer
50.2%
Tampa Bay BuccaneersRyan Griffin
49.8%
New Orleans SaintsTaysom Hill
46.9%
San Francisco 49ersC.J. Beathard
46.7%
Oakland RaidersAJ McCarron
41.3%
Washington RedskinsColt McCoy
40.6%
Tennessee TitansBlaine Gabbert
35.9%
Atlanta FalconsMatt Schaub
33.7%
Jacksonville JaguarsCody Kessler
33.7%
Chicago BearsChase Daniel
33.5%
Hint Answer % Correct
Seattle SeahawksBrett Hundley
33.2%
Pittsburgh SteelersJoshua Dobbs
33.1%
Pittsburgh SteelersMason Rudolph
29.6%
Minnesota VikingsTrevor Siemian
28%
Kansas City ChiefsChad Henne
26.7%
Houston TexansJoe Webb
26.4%
Denver BroncosChad Kelly
25.1%
Arizona CardinalsMike Glennon
24.1%
New York GiantsKyle Lauletta
23.1%
Detroit LionsMatt Cassel
21.8%
Cleveland BrownsDrew Stanton
21.7%
Houston TexansBrandon Weeden
20.7%
Cincinnati BengalsJeff Driskel
19.3%
Philadelphia EaglesNate Sudfeld
16.9%
Dallas CowboysMike White
15%
Seattle SeahawksAustin Davis
13.9%
Dallas CowboysCooper Rush
13%
Cincinnati BengalsMatt Barkley
12.2%
Los Angeles RamsSean Mannion
12%
Denver BroncosKevin Hogan
11.6%
Miami DolphinsDavid Fales
9.9%
Carolina PanthersTaylor Heinicke
8.2%
New York GiantsAlex Tanney
8%
Miami DolphinsLuke Falk
7.4%
Minnesota VikingsKyle Sloter
5.7%
Indianapolis ColtsBrad Kaaya
5.4%
Green Bay PackersTim Boyle
4.9%

You're not logged in!

Compare scores with friends on all Sporcle quizzes.
OR
Log In

Sporcle TV

Today on Sporcle TV


Watch our educational content, quiz creation guides, and fun videos on Sporcle TV.

Show Comments

Extras

Top Quizzes Today


Score Distribution

Your Account Isn't Verified!

In order to create a playlist on Sporcle, you need to verify the email address you used during registration. Go to your Sporcle Settings to finish the process.

Report this User

Report this user for behavior that violates our Community Guidelines.

Details: